[Event "CRO-chT2a"]
[Site "Croatia"]
[Date "2009.04.26"]
[Round "5"]
[White "Oljaca, Manuel2222"]
[Black "Bajrami, Bajram"]
[Result "1-0"]
[WhiteElo "1964"]
[BlackElo "2077"]
[PlyCount "77"]
[EventDate "2009.04.04"]
[EventType "team-tourn"]
[EventRounds "9"]
[EventCountry "CRO"]
[SourceTitle "EXT 2010"]
[Source "ChessBase"]
[SourceDate "2010.11.25"]
[SourceVersion "1"]
[SourceVersionDate "2010.11.25"]
[SourceQuality "1"]

1. d4 Nf6 2. c4 e6 3. Nf3 b6 4. g3 Bb7 5. Bg2 Be7 6. 0-0 0-0 7. Nc3 d6 8. d5 e5 9. Bg5 Ne8 10. Bxe7 Qxe7 11. e4 Bc8 12. Nh4 g6 13. f4 exf4 14. Rxf4 Nd7 15. Qd4 Ne5 16. Raf1 Ng7 17. R4f2 Bd7 18. b3 a6 19. a4 Rab8 20. Nf3 f6 21. Qd2 b5 22. cxb5 axb5 23. axb5 Bxb5 24. Nxb5 Rxb5 25. Nd4 Rc5 26. b4 Rc4 27. b5 Rc5 28. Bh3 Nc4 29. Qd3 Ne5 30. Qb3 h5 31. Be6+ Kh7 32. h3 Ne8 33. g4 hxg4 34. hxg4 Kg7 35. Rh2 Rh8 36. Rxh8 Kxh8 37. Kg2 Nxg4 38. Qh3+ Nh6 39. Qxh6+ 1-0

[Event "EU-Cup 22nd"]
[Site "Fuegen"]
[Date "2006.10.10"]
[Round "3.5"]
[White "Oberweis, Paul"]
[Black "Bajrami, Bajram"]
[Result "0-1"]
[WhiteElo "2094"]
[BlackElo "2081"]
[PlyCount "132"]
[EventDate "2006.10.08"]
[EventType "team-swiss"]
[EventRounds "7"]
[EventCountry "AUT"]
[SourceTitle "CBM 115"]
[Source "ChessBase"]
[SourceDate "2006.11.15"]
[SourceVersion "1"]
[SourceVersionDate "2006.11.15"]
[SourceQuality "1"]
[WhiteTeam "Echternach Sprenger"]
[BlackTeam "Butrinti"]
[WhiteTeamCountry "LUX"]
[BlackTeamCountry "ALB"]

1. e4 e6 2. d4 c6 3. Nc3 d5 4. e5 Ne7 5. Bd3 Ng6 6. f4 c5 7. Nf3 Nc6 8. 0-0 cxd4 9. Ne2 Bc5 10. Kh1 Bd7 11. a3 Rc8 12. b4 Bb6 13. Bb2 0-0 14. Nfxd4 Nxd4 15. Nxd4 Qh4 16. Rf3 Qd8 17. Rh3 h6 18. Qg4 Qe8 19. Rf1 a6 20. Qe2 Ne7 21. Rff3 Bxd4 22. Bxd4 Bb5 23. Rfg3 Nf5 24. Bc5 Nxg3+ 25. Rxg3 Bxd3 26. Qxd3 Rxc5 27. bxc5 Qc6 28. Qd4 Rc8 29. Rb3 Qxc5 30. Qxc5 Rxc5 31. Rb2 b5 32. Kg1 Kf8 33. Kf2 Ke8 34. Ke2 Rc4 35. g3 Kd7 36. Kd3 Kc6 37. c3 Ra4 38. Ra2 Kc5 39. Ra1 a5 40. Ra2 f6 41. exf6 gxf6 42. Ra1 e5 43. fxe5 fxe5 44. Kc2 Kc4 45. Kb2 b4 46. cxb4 axb4 47. Rc1+ Kd4 48. Rd1+ Ke4 49. Re1+ Kf5 50. Rf1+ Ke6 51. axb4 Rxb4+ 52. Kc3 Ra4 53. Kb3 Rc4 54. Rf8 Rc6 55. g4 d4 56. h4 Kd5 57. h5 d3 58. Rd8+ Ke4 59. Re8 Kd4 60. Rd8+ Ke3 61. Rd5 e4 62. g5 hxg5 63. Rxg5 d2 64. Rg1 Kd3 65. Rh1 Rc1 66. Rh3+ e3 0-1